| 000 | 04302nam0a2200421 4500 | ||
|---|---|---|---|
| 001 | RU\NLR\BIBL_A\012737707 | ||
| 005 | 20231122145625.0 | ||
| 010 |
_a978-5-7944-3696-9 _930 |
||
| 021 |
_aRU _bКН-П-21-085327 _9КН-П-21-6795 |
||
| 035 | _a(NLR Aleph) 012737707 | ||
| 035 | _a(RuMoRGB)010907855 | ||
| 090 |
_a12992405 _c12992406 |
||
| 100 | _a20220323d2021 k y0rusy50 ca | ||
| 101 | 0 | _arus | |
| 102 | _aRU | ||
| 105 | _aa z 100zy | ||
| 181 | 1 |
_ai _baxxe |
|
| 182 | 1 | _an | |
| 200 | 1 |
_aИскусственный интеллект в решении актуальных социальных и экономических проблем XXI века _eсборник статей по материалам Седьмой всероссийской научно-практической конференции с международным участием (г. Пермь, 21-22 октября 2021 г.) _fПермское отделение Научного совета при Президиуме РАН по методологии искусственного интеллекта, Пермский государственный национальный исследовательский университет [и др.] _gпод редакцией Л. Н. Ясницкого |
|
| 203 |
_aТекст _bвизуальный _cнепосредственный |
||
| 210 |
_aПермь _cПГНИУ _d2021 |
||
| 215 |
_a455 с. _cил., табл. _d21 |
||
| 225 | 1 | _aНаука и глобальные вызовы XXI века | |
| 313 | _aПо пред.изд. 2018г. | ||
| 330 | _aВ сборнике представлены материалы Седьмой всероссийской научно-практической конференции с международным участием "Искусственный интеллект в решении актуальных социальных и экономических проблем XXI века", которая проводилась 21-22 октября 2021 г. в г. Перми в рамках Пермского естественнонаучного форума "Математика и глобальные вызовы XXI века". Сборник предназначен для научных и педагогических работников, преподавателей, аспирантов, магистрантов, студентов и всех, кто интересуется проблемами и перспективами развития и применения методов искусственного интеллекта | ||
| 606 | 1 |
_aИскусственный интеллект _xПрименение в экономике _jСъезды, совещания и т.п _2nlr_sh1 _2nlr_sh2 _3RU\NLR\AUTH\661305752 |
|
| 610 | 0 | _aцифровые технологии в различных отраслях и сферах | |
| 686 | 1 | _aУ.в611я431 | |
| 686 | 1 | _aЗ813я431(2) | |
| 702 | 1 |
_aЯсницкий _bЛ. Н. _f1949- _gЛеонид Нахимович _4340 |
|
| 711 | 1 | 2 |
_a"Искусственный интеллект в решении актуальных социальных и экономических проблем XXI века", всероссийская научно-практическая конференция с международным участием _d7 _f2021 _eПермь _3RU\NLR\AUTH\880562266 |
| 711 | 1 | 2 |
_a"Математика и глобальные вызовы XXI века", пермский естественнонаучный форум _f2021 _3RU\NLR\AUTH\880562267 |
| 712 | 0 | 2 |
_aРоссийская академия наук _bНаучный совет по методологии искусственного интеллекта _bПермское отделение _3RU\NLR\AUTH\880478564 _4570 |
| 942 | _cBOOK | ||
| 980 | _aNB | ||